000 01494nam a2200445 i 4500
001 44334
003 KOSZ 005
005 20200824110553.0
008 040326s2004 pl a f |000 0 pol
015 _aPB 2004/6187
020 _a8320614570
040 _aWA N
_cWA N
_eKOSZ 005/HR
046 _k2004
080 _a681.5
080 _a621.43.004
080 _a629.33-192
080 _a614.7
100 1 _aMerkisz, Jerzy
_d(1947- )
_eAutor
245 1 0 _aPokładowe systemy diagnostyczne pojazdów samochodowych /
_cJerzy Merkisz, Stanisław Mazurek.
250 _aWyd. 2.
260 _aWarszawa :
_bWydawnictwa Komunikacji i Łączności,
_c2004.
300 _a418 s. :
_bfot. (w tym kolor.), rys. tab., wykr. ;
_c25 cm.
336 _2rdacontent
_aTekst
_btxt
337 _2rdamedia
_aBez urządzenia pośredniczącego
_bn
338 _2rdacarrier
_aWolumin
_bnc
380 _aKsiążki
380 _aPublikacje naukowe
388 _a2001-
504 _aBibliogr. przy rozdz.
650 4 _aDiagnostyka techniczna
650 4 _aUrządzenia
650 4 _aSamochody
650 4 _aSpaliny
650 4 _aWpływ na środowisko
658 _aInżynieria i technika
700 1 _aMazurek, Stanisław
_c(transport)
_eAutor
710 2 _aWydawnictwa Komunikacji i Łączności
_4pbl.
856 _uhttp://koha.tu.koszalin.pl/cgi-bin/koha/opac-detail.pl?biblionumber=44334
_yKatalog online BPK
942 _2UKD
_cKS
999 _c44334
_d44334